One snowy day / (Record no. 20770)

000 -LEADER
fixed length control field 00486cam a2200181 a 4500
020 ## - INTERNATIONAL STANDARD BOOK NUMBER
ISBN 059074240X
040 ## - CATALOGING SOURCE
Transcribing agency DLC
082 00 - DEWEY DECIMAL CLASSIFICATION NUMBER
Classification number 580 MAU 2021 A006 Or.
100 1# - MAIN ENTRY--AUTHOR NAME
Personal name Scherer, Jeffrey.
245 10 - TITLE STATEMENT
Title One snowy day /
260 ## - PUBLICATION, DISTRIBUTION, ETC. (IMPRINT)
Place of publication New York :
Name of publisher Scholastic Inc.,
Year of publication c1996.
300 ## - PHYSICAL DESCRIPTION
Number of Pages 1 v. (unpaged) :
Other physical details col. ill. ;
Dimensions 23 cm.
500 ## - GENERAL NOTE
General note "Cartwheel books."
520 ## - SUMMARY, ETC.
Summary, etc A group of animals get together to build a snowman.
650 #1 - SUBJECT ADDED ENTRY--TOPICAL TERM
Topical Term Animals
650 #1 - SUBJECT ADDED ENTRY--TOPICAL TERM
Topical Term Snowmen
942 ## - ADDED ENTRY ELEMENTS (KOHA)
Koha item type ADB
952 ## - LOCATION AND ITEM INFORMATION (KOHA)
Withdrawn status [LOCAL, KOHA] 0
952 ## - LOCATION AND ITEM INFORMATION (KOHA)
Withdrawn status [LOCAL, KOHA] 0
Holdings
Permanent Location Date acquired Koha item type Lost status Shelving location Barcode Current Location Full call number
Library Block A2022-11-25ADB A035a069803Library Block A580 MAU 2021 A035 Or.
Library Block A2022-11-25ADB A035a069795Library Block A580 MAU 2021 A035 Or.
មជ្ឈមណ្ឌលឯការនៃសាកលវិទ្យាល័យភូមិន្ទកសិកម្មចំការដូង

Powered by Koha